000 00290nam a22001217a 4500
008 180124b xxu||||| |||| 00| 0 eng d
041 _aeng
080 _a616.073
100 _a6
101 _arad
245 _aradiographic positions radiologic procedures
_cphilip.w.b
942 _2udc
_cBK
999 _c40849
_d40849